Visualizzazione normale
Vista MARC
- Vera, Francisco,
di Personal Name
Records bibliografici associati: 2
001 - CONTROL NUMBER
- control field: 7733
003 - CONTROL NUMBER IDENTIFIER
- control field: IT-RoINE
005 - DATE AND TIME OF LATEST TRANSACTION
- control field: 20140516120559.0
008 - FIXED-LENGTH DATA ELEMENTS
- fixed length control field: 140516|| aca||aabn | a|a d
040 ## - CATALOGING SOURCE
- Original cataloging agency: IT-RoINE
- Transcribing agency: IT-RoINE
100 ## - HEADING--PERSONAL NAME
- Personal name: Vera, Francisco,
- Dates associated with a name: 1888-1967
670 ## - SOURCE DATA FOUND
- Source citation: Work cat.: (IT-RoINE)0: Vera, Francisco, 1888-1967, Historia de la matemática en España /, 1929-